|
|
|
|
| LEADER |
00000nas a2200000 a 4500 |
| 001 |
ssj0000496462 |
| 003 |
WaSeSS |
| 005 |
20200512172242.0 |
| 006 |
m d |
| 007 |
cr n |
| 008 |
101006c20109999ua ar s 0 0eng c |
| 010 |
|
|
|a 2011243668
|
| 016 |
7 |
|
|a 101561211
|2 DNLM
|
| 016 |
7 |
|
|a 019031508
|2 Uk
|
| 022 |
|
|
|a 2090-1437
|l 2090-1429
|y 2090-1429
|
| 035 |
|
|
|a (WaSeSS)ssj0000496462
|
| 037 |
|
|
|b Hindawi Publishing Corporation, 410 Park Ave, 15th Fl, PMB 287, New York, NY 10022 United States
|
| 040 |
|
|
|a SELUL
|b eng
|c SELUL
|d NLM
|d TXA
|d CUS
|d OCLCQ
|d OCLCF
|d OCLCO
|d EUW
|d OCLCO
|d OCLCQ
|d OCLCO
|d UKMGB
|d WaSeSS
|
| 042 |
|
|
|a pcc
|
| 050 |
|
4 |
|a RT81.5
|b N8662
|
| 060 |
1 |
0 |
|a W1
|
| 245 |
0 |
0 |
|a Nursing Research and Practice
|h [electronic resource].
|
| 260 |
|
|
|a [Cairo] :
|b Hindawi Publishing Corporation,
|c 2010-
|
| 310 |
|
|
|a Annual
|
| 362 |
1 |
|
|a Began with: Vol. 2010.
|
| 506 |
|
|
|a License restrictions may limit access.
|
| 515 |
|
|
|a Articles added irregularly during the year and collected into annual issues.
|
| 588 |
|
|
|a Description based on: Vol. 2010; title from PDF caption (Hindawi Publishing Corporation, viewed Sept. 15, 2011).
|
| 588 |
|
|
|a Latest issue consulted: Vol. 2012; (Hindawi Publishing Corporation, viewed Sept. 15, 2011).
|
| 650 |
|
0 |
|a Nursing
|x Research
|v Periodicals.
|
| 650 |
|
0 |
|a Nursing
|v Periodicals.
|
| 650 |
|
0 |
|a Evidence-based nursing
|v Periodicals.
|
| 650 |
1 |
2 |
|a Nursing Research.
|
| 650 |
2 |
2 |
|a Evidence-Based Nursing.
|
| 650 |
|
7 |
|a Evidence-based nursing.
|2 fast
|0 (OCoLC)fst01201047
|
| 650 |
|
7 |
|a Nursing.
|2 fast
|0 (OCoLC)fst01041731
|
| 650 |
|
7 |
|a Nursing
|x Research.
|2 fast
|0 (OCoLC)fst01041814
|
| 655 |
|
0 |
|a Electronic journals.
|
| 776 |
0 |
8 |
|i Print version:
|t Nursing Research and Practice
|x 2090-1429
|
| 856 |
4 |
0 |
|z Full text available from Research Library: 01/01/2014 to present
|u https://search.proquest.com/publication/2037495
|